[Event "Unterfranken-ch69 HT"]
[Site "Schweinfurt"]
[Date "2018.04.03"]
[Round "2"]
[White "Chen, Jiwei"]
[Black "Simon, Manuel"]
[Result "0-1"]
[WhiteElo "1062"]
[BlackElo "1562"]
[PlyCount "84"]
[EventDate "2018.04.02"]
[EventType "swiss"]
[EventRounds "9"]
[EventCountry "GER"]
[SourceTitle "EXT 2019"]
[Source "ChessBase"]
[SourceDate "2018.10.10"]
[SourceVersion "1"]
[SourceVersionDate "2018.10.10"]
[SourceQuality "1"]

1. e4 e5 2. Nf3 Nc6 3. Bc4 Nf6 4. Nc3 Bc5 5. d3 h6 6. 0-0 d6 7. h3 0-0 8. Nh2 Ne7 9. Qf3 Nc6 10. Ne2 Nd4 11. Nxd4 Bxd4 12. Ng4 Nxg4 13. hxg4 Qh4 14. Qh3 Qxg4 15. Qh2 c6 16. Bd2 Bxb2 17. Rab1 Bd4 18. Kh1 b6 19. f3 Qg6 20. Rfd1 b5 21. Bb3 Bb7 22. c3 Bf2 23. Be1 Be3 24. Bd2 Bxd2 25. Rxd2 Qf6 26. a4 a6 27. d4 exd4 28. cxd4 Rfe8 29. Re1 Rad8 30. f4 c5 31. e5 dxe5 32. fxe5 Qg5 33. Rdd1 c4 34. Bc2 b4 35. Qh3 a5 36. Kg1 Bd5 37. Re2 Rb8 38. Rf2 Re7 39. Bb1 c3 40. Qd3 g6 41. Qa6 Qg4 42. Ba2 Qxd1+ 0-1

[Event "Karl Mala Memorial op-B 17th"]
[Site "Frankfurt"]
[Date "2014.08.03"]
[Round "7"]
[White "Simon, Manuel"]
[Black "Reichelt, Florian"]
[Result "1/2-1/2"]
[WhiteElo "1416"]
[BlackElo "1638"]
[PlyCount "74"]
[EventDate "2014.07.31"]
[EventType "swiss"]
[EventRounds "7"]
[EventCountry "GER"]
[SourceTitle "EXT 2015"]
[Source "ChessBase"]
[SourceDate "2014.11.20"]
[SourceVersion "1"]
[SourceVersionDate "2014.11.20"]
[SourceQuality "1"]

1. c4 c5 2. Nf3 Nc6 3. g3 Rb8 4. Bg2 Nf6 5. Nc3 b6 6. 0-0 Bb7 7. Re1 e6 8. e3 d5 9. cxd5 Nxd5 10. e4 Nf6 11. d3 Be7 12. Bf4 Rc8 13. Qd2 0-0 14. Rad1 Nd4 15. Nxd4 cxd4 16. Ne2 Nd7 17. g4 e5 18. Bg3 Bh4 19. Rf1 Ba6 20. f4 Bxg3 21. hxg3 f6 22. Rf3 Rc7 23. Rdf1 Qc8 24. R1f2 Rc2 25. Qb4 Nc5 26. fxe5 Bxd3 27. Nxd4 Rxf2 28. Rxf2 Nxe4 29. Nf5 Qc1+ 30. Rf1 Bxf1 31. Bxe4 Bd3+ 32. Kh2 Bxe4 33. Qxe4 Qxb2+ 34. Kh3 Qxe5 35. Qb7 Rf7 36. Qc8+ Rf8 37. Qb7 Rf7 1/2-1/2

[Event "Karl Mala Memorial op-B 17th"]
[Site "Frankfurt"]
[Date "2014.08.02"]
[Round "5"]
[White "Simon, Manuel"]
[Black "Muckle, Richard"]
[Result "1/2-1/2"]
[WhiteElo "1416"]
[BlackElo "1563"]
[PlyCount "94"]
[EventDate "2014.07.31"]
[EventType "swiss"]
[EventRounds "7"]
[EventCountry "GER"]
[SourceTitle "EXT 2015"]
[Source "ChessBase"]
[SourceDate "2014.11.20"]
[SourceVersion "1"]
[SourceVersionDate "2014.11.20"]
[SourceQuality "1"]

1. e4 e6 2. d4 d5 3. Nd2 dxe4 4. Nxe4 Nc6 5. Nf3 Nf6 6. Ng3 Be7 7. Bc4 0-0 8. 0-0 Na5 9. Qe2 Nxc4 10. Qxc4 b6 11. Bf4 Nd5 12. Bd2 Bb7 13. Qb3 Nf6 14. Ne2 c5 15. Be3 Bxf3 16. gxf3 Qd5 17. Qxd5 Nxd5 18. a3 Nxe3 19. fxe3 cxd4 20. Nxd4 Bf6 21. c3 Bxd4 22. cxd4 Rac8 23. Rac1 g6 24. e4 Rfd8 25. Rxc8 Rxc8 26. d5 exd5 27. exd5 Rc5 28. Rd1 Kf8 29. Rd4 Ke7 30. d6+ Kd7 31. Kf2 Rc2+ 32. Ke3 Rxb2 33. Ke4 Re2+ 34. Kf4 Re6 35. Kg5 Rxd6 36. Rxd6+ Kxd6 37. Kf6 b5 38. Kxf7 Ke5 39. Kg7 Kf4 40. Kxh7 Kxf3 41. Kxg6 Kg4 42. Kf6 a5 43. Ke5 b4 44. axb4 axb4 45. Kd4 b3 46. Kc3 Kh3 47. Kxb3 Kxh2 1/2-1/2

[Event "Eschborn op 10th"]
[Site "Eschborn"]
[Date "2013.09.01"]
[Round "4"]
[White "Simon, Manuel"]
[Black "Hoerner, Rolf"]
[Result "1/2-1/2"]
[WhiteElo "1343"]
[BlackElo "1654"]
[PlyCount "56"]
[EventDate "2013.08.30"]
[EventType "swiss"]
[EventRounds "5"]
[EventCountry "GER"]
[SourceTitle "EXT 2014"]
[Source "ChessBase"]
[SourceDate "2013.11.20"]
[SourceVersion "1"]
[SourceVersionDate "2013.11.20"]
[SourceQuality "1"]

1. e4 c5 2. Nc3 Nc6 3. g3 g6 4. Bg2 Bg7 5. d3 d6 6. Be3 Nf6 7. h3 a6 8. f4 e6 9. Nge2 Qc7 10. Qd2 Bd7 11. 0-0 0-0 12. Kh1 Rad8 13. Rae1 b6 14. Bf2 Ne8 15. Nd1 Nd4 16. c3 Nxe2 17. Rxe2 b5 18. Rfe1 Bc6 19. d4 Bb7 20. d5 e5 21. Be3 Rd7 22. fxe5 Bxe5 23. Bf4 Bc8 24. Bxe5 dxe5 25. Rf2 f6 26. Ref1 Rdf7 27. Ne3 Qd6 28. b3 Ng7 1/2-1/2

[Event "Unterfranken-ch HB 63th"]
[Site "Schweinfurt"]
[Date "2012.04.13"]
[Round "8"]
[White "Heinrich, Michael"]
[Black "Simon, Manuel"]
[Result "1-0"]
[WhiteElo "1643"]
[BlackElo "1365"]
[PlyCount "83"]
[EventDate "2012.04.09"]
[EventType "swiss"]
[EventRounds "9"]
[EventCountry "GER"]
[SourceTitle "EXT 2015"]
[Source "ChessBase"]
[SourceDate "2014.11.20"]
[SourceVersion "1"]
[SourceVersionDate "2014.11.20"]
[SourceQuality "1"]

1. e4 d5 2. exd5 Qxd5 3. Nc3 Qa5 4. d4 Nf6 5. Nf3 c6 6. Bd2 Qc7 7. Bc4 Bg4 8. 0-0 e6 9. h3 Bh5 10. Be2 Nbd7 11. Re1 Bd6 12. Be3 0-0 13. Ng5 Bxe2 14. Qxe2 h6 15. Nge4 Bb4 16. Red1 Nd5 17. Nxd5 cxd5 18. c3 dxe4 19. cxb4 Qd6 20. b5 Qd5 21. Rdc1 Rac8 22. b3 f5 23. g3 g5 24. Qh5 Kg7 25. Bxg5 hxg5 26. Qxg5+ Kf7 27. Qh5+ Ke7 28. Qg5+ Nf6 29. Rxc8 Rxc8 30. Qg7+ Kd6 31. Qxf6 Qxb5 32. h4 Rc2 33. Qd8+ Qd7 34. Qxd7+ Kxd7 35. a4 Rd2 36. Rc1 Rxd4 37. h5 Ke8 38. Rc7 Rd7 39. Rxd7 Kxd7 40. h6 Ke7 41. h7 Kf7 42. h8Q 1-0

[Event "Unterfranken-ch HB 62th"]
[Site "Gerolzhofen"]
[Date "2011.04.29"]
[Round "7"]
[White "Simon, Manuel"]
[Black "Engelbrecht, Klaus"]
[Result "0-1"]
[WhiteElo "1347"]
[BlackElo "1252"]
[PlyCount "90"]
[EventDate "2011.04.25"]
[EventType "swiss"]
[EventRounds "9"]
[EventCountry "GER"]
[SourceTitle "EXT 2015"]
[Source "ChessBase"]
[SourceDate "2014.11.20"]
[SourceVersion "1"]
[SourceVersionDate "2014.11.20"]
[SourceQuality "1"]

1. e4 e6 2. d4 c6 3. Nf3 d5 4. e5 b5 5. Bd3 Na6 6. c3 Nc7 7. 0-0 c5 8. Be3 c4 9. Bc2 Ne7 10. Nbd2 Nc6 11. Qe2 Ba6 12. Bf4 b4 13. Rfe1 bxc3 14. bxc3 Rb8 15. h3 Nb5 16. Nb1 Ba3 17. Bc1 Bxc1 18. Rxc1 Qa5 19. Qd2 Na3 20. Nh2 Nb5 21. f4 Nbxd4 22. cxd4 Qxd2 23. Nxd2 Nxd4 24. Rcb1 Ke7 25. Rxb8 Rxb8 26. Rb1 Rxb1+ 27. Bxb1 c3 28. Nb3 c2 29. Bxc2 Nxc2 30. Nf3 Bc4 31. Nc1 Nb4 32. a3 Na2 33. Nxa2 Bxa2 34. Nd4 f6 35. Nc6+ Kd7 36. Nxa7 Bc4 37. a4 Kc7 38. Nb5+ Bxb5 39. axb5 Kb6 40. Kf2 Kxb5 41. f5 exf5 42. e6 Kc6 43. e7 Kd7 44. Ke3 Kxe7 45. g3 g5 0-1

[Event "Unterfranken-ch HB 62th"]
[Site "Gerolzhofen"]
[Date "2011.04.29"]
[Round "8"]
[White "Simon, Manuel"]
[Black "Hutzler, Stefan"]
[Result "1-0"]
[WhiteElo "1347"]
[BlackElo "1377"]
[PlyCount "79"]
[EventDate "2011.04.25"]
[EventType "swiss"]
[EventRounds "9"]
[EventCountry "GER"]
[SourceTitle "EXT 2015"]
[Source "ChessBase"]
[SourceDate "2014.11.20"]
[SourceVersion "1"]
[SourceVersionDate "2014.11.20"]
[SourceQuality "1"]

1. e4 d5 2. exd5 Nf6 3. Nf3 Bg4 4. d4 Qxd5 5. Nc3 Qd7 6. Be2 e6 7. 0-0 Nc6 8. Be3 0-0-0 9. Bb5 a6 10. Bxc6 Qxc6 11. Ne5 Bxd1 12. Nxc6 bxc6 13. Rfxd1 Nd5 14. Rd3 Be7 15. Nxd5 cxd5 16. b3 Kd7 17. c4 c6 18. cxd5 cxd5 19. Rc1 Ba3 20. Rc2 Rc8 21. Rdc3 Rxc3 22. Rxc3 Rc8 23. Rxc8 Kxc8 24. Kf1 Kb7 25. Ke2 Kb6 26. Kd3 Kb5 27. Kc3 Bb4+ 28. Kb2 e5 29. dxe5 Bc5 30. Bxc5 Kxc5 31. Kc3 d4+ 32. Kd3 Kd5 33. f4 a5 34. a3 g6 35. b4 a4 36. b5 Kc5 37. b6 Kxb6 38. Kxd4 Kb5 39. Kd5 h6 40. g4 1-0